| 000 | 00546nam a2200169 4500 | ||
|---|---|---|---|
| 001 | 126905 | ||
| 003 | ES-MaACL | ||
| 005 | 20230906192912.0 | ||
| 007 | t| | ||
| 008 | 070214s1965 sp r ||||1| spa d | ||
| 100 | 1 |
_aRey Altuna, Luis. _996515 |
|
| 245 | 1 | 3 |
_aLa enseñanza en Navarra _b: situación y perspectivas / _cLuis Rey Altuna. |
| 260 |
_aPamplona : _bDiputación Foral de Navarra, _c1965. |
||
| 300 |
_a132 p. ; _c22 cm. |
||
| 710 | 1 |
_aNavarra (Comunidad Autónoma). _bDiputación Foral. _95984 |
|
| 852 |
_aES-MaACL _jC-28251 _bR.56954 |
||
| 999 |
_c126905 _d126905 |
||